Statistiques concernant Carte Topologique des Régions Françaises

Cliquez ici pour prendre le quiz!

Statistiques générales

  • Ce quiz a été pris 7 173 fois
  • Le résultat moyen est 9 sur 12

Réponses sur la Carte

Les réponses sont colorées sur une échelle allant du rouge au vert en fonction du pourcentage des utilisateurs qui les ont devinées à leur premier essai. Vous pouvez retrouver ces pourcentages ci-dessous.
 

Statistiques - réponses

Réponse% Correct
Bretagne
89%
Hauts de France
88%
Île-de-France
86%
Grand Est
84%
Provence-Alpes-Côte d'Azur
84%
Auvergne-Rhône-Alpes
79%
Normandie
78%
Occitanie
78%
Centre-Val de Loire
76%
Bourgogne-Franche-Comté
69%
Nouvelle-Aquitaine
68%
Pays de la Loire
50%

Distribution des résultats

Percentile par nombre de réponses

% des personnes avec chaque résultat

Votre développement - résultats

Vous n’avez pas pris ce quiz